Rick Astley Guarantees Quiz Stats

 Plays Quiz Updated Mar 31, 2016

Score 0/6 Timer 01:00
15 Plays Today
Rick is What? % Correct
never gonnagive you up
97.5%
never gonnalet you down
93.9%
never gonnasay goodbye
69.8%
never gonnamake you cry
58.4%
never gonnarun around and desert you
50%
never gonnatell a lie and hurt you
39%

You're not logged in!

Compare scores with friends on all Sporcle quizzes.
OR
Log In

Sporcle TV

Today on Sporcle TV


Watch our educational content, quiz creation guides, and fun videos on Sporcle TV.

Show Comments

Extras

Top Quizzes Today


Score Distribution

Your Account Isn't Verified!

In order to create a playlist on Sporcle, you need to verify the email address you used during registration. Go to your Sporcle Settings to finish the process.

Report this User

Report this user for behavior that violates our Community Guidelines.

Details: